| Tag |
First Indicator |
Second Indicator |
Subfields |
| LEADER |
00000cam a2200000 a 4500 |
| 001 |
in00000014785 |
| 005 |
20151007052903.0 |
| 008 |
870302s1987 nyuaf b 10110 eng |
| 010 |
|
|
|a 87007424
|
| 020 |
|
|
|a 0313255261 (lib. bdg. : alk. paper)
|
| 035 |
|
|
|a (OCoLC)15316951
|
| 035 |
|
|
|9 AAA9583AM
|
| 040 |
|
|
|a DLC
|c DLC
|d TXA
|d UtOrBLW
|
| 049 |
|
|
|a TXAM
|c [A12609370]
|a TXAS [scif]
|c 2
|
| 050 |
0 |
0 |
|a PN56.F34
|b I58 1984
|
| 082 |
0 |
|
|a 809.3/876
|2 19
|
| 111 |
2 |
|
|a International Conference on the Fantastic in the Arts
|n (5th :
|d 1984 :
|c Boca Raton, Fla.)
|
| 245 |
1 |
4 |
|a The fantastic in world literature and the arts :
|b selected essays from the Fifth International Conference on the Fantastic in the Arts /
|c edited by Donald E. Morse.
|
| 264 |
|
1 |
|a New York :
|b Greenwood Press,
|c 1987.
|
| 300 |
|
|
|a xiv, 250 pages :
|b illustrations ;
|c 22 cm
|
| 336 |
|
|
|a text
|b txt
|2 rdacontent
|
| 337 |
|
|
|a unmediated
|b n
|2 rdamedia
|
| 338 |
|
|
|a volume
|b nc
|2 rdacarrier
|
| 490 |
1 |
|
|a Contributions to the study of science fiction and fantasy,
|x 0193-6875 ;
|v no. 28
|
| 504 |
|
|
|a Bibliography: pages [229]-239.
|
| 500 |
|
|
|a Includes index.
|
| 650 |
|
0 |
|a Fantasy literature
|x History and criticism
|v Congresses.
|
| 650 |
|
0 |
|a Fantasy in art
|x Congresses.
|
| 700 |
1 |
|
|a Morse, Donald E.,
|d 1936-
|
| 830 |
|
0 |
|a Contributions to the study of science fiction and fantasy ;
|v no. 28.
|
| 999 |
|
|
|a MARS
|
| 999 |
f |
f |
|s f61f2ac0-87ad-3dfa-8c1a-67d11caf826e
|i 8a006490-b984-3d77-a76a-5b4fb5dc034e
|t 0
|
| 952 |
f |
f |
|p ric
|a Texas A&M University
|b Rellis Campus
|c Joint Library Facility
|d Remote Storage
|t 0
|e PN56.F34 I58 1984
|h Library of Congress classification
|i unmediated -- volume
|m A14812609370
|
| 952 |
f |
f |
|p noncirc
|a Texas A&M University
|b College Station
|c Cushing Memorial Library & Archives
|d Cushing: Science Fiction (Does not check out)
|t 0
|e PN56.F34 I58 1984
|h Library of Congress classification
|i unmediated -- volume
|
| 998 |
f |
f |
|a PN56.F34 I58 1984
|t 0
|l Remote Storage
|
| 998 |
f |
f |
|a PN56.F34 I58 1984
|t 0
|l Cushing: Science Fiction (Does not check out)
|